Utah Counties by Population - Statistics

General Stats
  • This quiz has been taken 42 times
  • The average score is 22 of 29
Answer Stats
Population County % Correct
1,185,813 Salt Lake
100%
719,174 Utah
96%
373,207 Davis
92%
64,211 Iron
92%
202,452 Washington
92%
271,926 Weber
92%
142,393 Cache
88%
82,051 Tooele
84%
62,684 Box Elder
80%
42,759 Summit
80%
992 Daggett
76%
1,550 Piute
76%
37,747 Uintah
76%
9,706 Grand
72%
13,023 Juab
72%
14,358 San Juan
72%
30,277 Sanpete
72%
22,344 Sevier
72%
20,609 Carbon
68%
5,314 Garfield
68%
8,425 Kane
68%
13,437 Millard
68%
37,144 Wasatch
68%
2,614 Wayne
68%
7,233 Beaver
64%
20,477 Duchesne
64%
10,144 Emery
64%
13,000 Morgan
64%
2,670 Rich
64%
No matching quizzes found
Score Distribution
Percent of People with Each Score
Percentile by Number Answered
Your Score History
You have not taken this quiz